|
|
|
|
| LEADER |
01356nam a2200325 a 4500 |
| 001 |
27474 |
| 003 |
BD-DhAAL |
| 005 |
20130917114507.0 |
| 008 |
000418s2001 enka b 001 0 eng |
| 010 |
|
|
|a 00032124
|
| 020 |
|
|
|a 0582382432
|
| 040 |
|
|
|a DLC
|c DLC
|d DLC
|d BD-DhAAL
|
| 050 |
0 |
0 |
|a PN4121
|b .S737 2001
|
| 082 |
0 |
0 |
|a 808.5/1
|2 21
|
| 245 |
0 |
0 |
|a Speaking your mind :
|b oral presentation and seminar skills /
|c edited by Rebecca Stott, Tory Young, and Cordelia Bryan.
|
| 260 |
|
|
|a Harlow, England ;
|a New York :
|b Longman,
|c 2001.
|
| 300 |
|
|
|a ix, 136 p. :
|b ill. ;
|c 24 cm.
|
| 490 |
|
|
|a Speak-write series
|
| 504 |
|
|
|a Includes bibliographical references (p. [130]-131).
|
| 541 |
|
|
|e 27474, 27475
|
| 650 |
|
0 |
|a Public speaking.
|9 3127
|
| 650 |
|
0 |
|a Conversation.
|9 3128
|
| 650 |
|
0 |
|a Persuasion (Rhetoric)
|9 3129
|
| 700 |
1 |
|
|a Stott, Rebecca.
|9 3130
|
| 700 |
1 |
|
|a Young, Tory.
|9 3131
|
| 700 |
1 |
|
|a Bryan, Cordelia.
|9 3132
|
| 942 |
|
|
|2 ddc
|c BK
|
| 999 |
|
|
|c 13979
|d 13979
|
| 952 |
|
|
|0 0
|1 0
|2 ddc
|4 0
|6 808_510000000000000_SPE
|7 0
|9 23424
|a BRACUL
|b BRACUL
|c GEN
|d 2013-09-17
|e Trim Education
|g 3250.00
|l 7
|m 99
|o 808.51 SPE
|p 3010027474
|r 2025-07-26
|s 2025-05-15
|t 1
|w 2013-09-17
|y BK
|
| 952 |
|
|
|0 0
|1 0
|2 ddc
|4 0
|6 808_510000000000000_SPE
|7 0
|9 23425
|a BRACUL
|b BRACUL
|c GEN
|d 2013-09-17
|e Trim Education
|g 3250.00
|l 4
|m 8
|o 808.51 SPE
|p 3010027475
|r 2018-02-01
|s 2018-01-17
|t 2
|w 2013-09-17
|y BK
|